|
|
|
|
| LEADER |
00000cam a22000004a 4500 |
| 001 |
musev2_110261 |
| 003 |
MdBmJHUP |
| 005 |
20230905054437.0 |
| 006 |
m o d |
| 007 |
cr||||||||nn|n |
| 008 |
010117r19971983scu o 00 0 eng d |
| 010 |
|
|
|z 97001517
|
| 020 |
|
|
|a 9781643364346
|
| 020 |
|
|
|z 9781570031892
|
| 040 |
|
|
|a MdBmJHUP
|c MdBmJHUP
|
| 100 |
1 |
|
|a Weir, Robert M.,
|e author.
|
| 245 |
1 |
0 |
|a Colonial South Carolina :
|b A History /
|c Robert M. Weir.
|
| 250 |
|
|
|a 1st pbk. ed.
|
| 264 |
|
1 |
|a Columbia, S.C. :
|b University of South Carolina Press,
|c 1997.
|
| 264 |
|
3 |
|a Baltimore, Md. :
|b Project MUSE,
|c 0000
|
| 264 |
|
4 |
|c ©1997.
|
| 300 |
|
|
|a 1 online resource (448 pages):
|b illustrations, maps
|
| 336 |
|
|
|a text
|b txt
|2 rdacontent
|
| 337 |
|
|
|a computer
|b c
|2 rdamedia
|
| 338 |
|
|
|a online resource
|b cr
|2 rdacarrier
|
| 500 |
|
|
|a Originally published: Millwood, N.Y. : KTO Press, 1983, in series: A history of the American colonies.
|
| 546 |
|
|
|a English.
|
| 588 |
|
|
|a Description based on print version record.
|
| 651 |
|
7 |
|a South Carolina.
|2 fast
|0 (OCoLC)fst01204600
|
| 651 |
|
6 |
|a Caroline du Sud
|x Histoire
|y ca 1600-1775 (Periode coloniale)
|
| 651 |
|
0 |
|a South Carolina
|x History
|y Colonial period, ca. 1600-1775.
|
| 650 |
|
7 |
|a History & Archaeology.
|2 hilcc
|
| 650 |
|
7 |
|a Regions & Countries - Americas.
|2 hilcc
|
| 650 |
|
7 |
|a United States Local History.
|2 hilcc
|
| 650 |
|
7 |
|a HISTORY
|x State & Local.
|2 bisacsh
|
| 655 |
|
7 |
|a History.
|2 fast
|0 (OCoLC)fst01411628
|
| 655 |
|
7 |
|a Electronic books.
|2 local
|
| 710 |
2 |
|
|a Project Muse.
|e distributor
|
| 830 |
|
0 |
|a Book collections on Project MUSE.
|
| 856 |
4 |
0 |
|z Texto completo
|u https://projectmuse.uam.elogim.com/book/110261/
|
| 945 |
|
|
|a Project MUSE - Custom Collection
|